| 000 | 00498nam a2200193Ia 4500 | ||
|---|---|---|---|
| 008 | 170918s9999 xx 000 0 und d | ||
| 020 | _a879055545 | ||
| 050 | _bM764 1993 | ||
| 100 | _aMontana, Gladiola | ||
| 245 | _aNever ask a man the size of his spread : | ||
| 245 | _ba cowgirl's guide to life / | ||
| 245 | _cby Gladiola Montana. | ||
| 260 | _aUSA : | ||
| 260 | _bGibbs Smith Publisher, | ||
| 260 | _c1993 | ||
| 300 | _a138 pages : | ||
| 300 | _billustrations ; | ||
| 300 | _c17cm. | ||
| 999 |
_c343654 _d343654 |
||